Petitionary prayer : (Record no. 3578)

MARC details
000 -LEADER
fixed length control field 01465cam a22002417i 4500
008 - FIXED-LENGTH DATA ELEMENTS--GENERAL INFORMATION
fixed length control field 160622t20172017enka b 001 0 eng d
020 ## - INTERNATIONAL STANDARD BOOK NUMBER
ISBN 9780198757740
020 ## - INTERNATIONAL STANDARD BOOK NUMBER
ISBN 0198757743
100 1# - MAIN ENTRY--AUTHOR
Author Davison, Scott A.
245 10 - TITLE STATEMENT
Title Petitionary prayer :
Remainder of title a philosophical investigation /
Statement of responsibility, etc Scott A. Davison.
250 ## - EDITION STATEMENT
Edition statement First edition.
260 ## - PUBLICATION, DISTRIBUTION, ETC. (IMPRINT)
Place of publication Oxford
Name of publisher Oxford
Date of publication 2017
300 ## - COLLATION
Pagination vi, 189 pages :
Other physical details illustrations ;
520 8# - SUMMARY, ETC.
Summary, etc "This volume explores the philosophical issues involved in the idea of petitionary prayer, where this is conceived as an activity designed to influence the action of the all-knowing, all-powerful, perfectly good God of traditional theism. Theists have always recognized various logical and moral limits to divine action in the world, but do these limits leave any space among God's reasons for petitionary prayer to make a difference? Petitionary Prayer: A Philosophical Investigation develops a new account of the conditions required for a petitionary prayer to be answered by employing the notion of contrastive explanation. With careful attention to recent developments in metaphysics, epistemology, and value theory, Scott A. Davison surveys the contemporary literature on this question."
650 #0 - TRACINGS
Main Subject Intercessory prayer
Subdivision (2nd) Philosophy.
650 #0 - TRACINGS
Main Subject Prayer
Subdivision (2nd) Philosophy.
650 #7 - TRACINGS
Main Subject Bittgebet
650 #7 - TRACINGS
Main Subject Fürbitte
650 #7 - TRACINGS
Main Subject Religionsphilosophie
942 ## - ADDED ENTRY ELEMENTS (KOHA)
Item type Books
050 00 - LIBRARY OF CONGRESS CALL NUMBER
Classification number BV210.3
Item number .D38 2017
082 04 - DEWEY DECIMAL CLASSIFICATION NUMBER
Classification number 204/.301
Holdings
Source of classification or shelving scheme Not for loan Permanent location Current location Date acquired Accession No. Full call number Barcode. Koha item type
Library of Congress Classification   Samuel Ogbemudia Main Library, University of Abuja Samuel Ogbemudia Main Library, University of Abuja 05/21/2025 2024/63568 BV210.3.D38 2017 2025-2051 Books